| 000 | 00962nam a2200169 a 4500 | ||
|---|---|---|---|
| 008 | 060411s2004 ||||||||||||||||| || u | ||
| 050 | _aZAM.PER-NRFA(058) | ||
| 110 | _aZambia National Road Fund Agency (NRFA) | ||
| 245 | 1 | 0 | _aNational Road Fund Agency annual report 2004 |
| 260 |
_aLusaka _bNRFA _c2004 |
||
| 350 | _a0.00 | ||
| 650 | _aRoads - Maintenance and repair - Handbooks, manuals, etc | ||
| 650 | _aTRANSPORTATION | ||
| 995 |
_aSPECIAL COLLECTIONS _D0.00 _eZAM.PER-NRFA(058)A5/ _FCBU-MAIN LIBRARY (Kitwe) _H1 _I0.00 _jZAM.PER-NRFA(058)A5 _UAVAILABLE _WApr 11, 2006 _yZ03000080 _ZZambiana Collection |
||
| 995 |
_aSPECIAL COLLECTIONS _D0.00 _eZAM.PER-NRFA(058)A5/ _FCBU-MAIN LIBRARY (Kitwe) _H1 _I0.00 _jZAM.PER-NRFA(058)A5/04 _M1 _UAVAILABLE _WApr 11, 2006 _yZ03000079 _ZZambiana Collection |
||
| 995 |
_aSPECIAL COLLECTIONS _D0.00 _eZAM.PER-NRFA(058)A5/ _FCBU-MAIN LIBRARY (Kitwe) _H1 _I0.00 _jZAM.PER-NRFA(058)A5/05 _M3 _UAVAILABLE _WAug 23, 2006 _yZ03000977 _ZZambiana Collection |
||
| 999 |
_c78720 _d78720 |
||